| 000 | 00616cam a2200193u 4500 | ||
|---|---|---|---|
| 001 | 000018364 | ||
| 005 | 20200929165456.0 | ||
| 008 | 840713s1966 fr abc 000 0 fre | ||
| 010 | _a66008395 | ||
| 040 |
_aDO-SdBNP _cCarP _dDLC |
||
| 050 | 0 | 0 |
_aPQ1126 _b.C53 |
| 100 | 1 |
_aChassang, Arsene. _939544 |
|
| 245 | 1 | 0 | _aRecueil de textes litteraires francais XVIIe siecle. |
| 260 |
_aParis, : _bHachette, _c[1966]. |
||
| 300 |
_a447 p. : _billus., maps (1 col.) ports. ; _c24 cm. |
||
| 650 | 0 |
_aFrench literature _y17th century. _939770 |
|
| 700 | 1 |
_aSenninger, Charles. _939545 |
|
| 910 | _aCatalogación por derivada / LC | ||
| 999 |
_c17885 _d17885 |
||